LEADER 01150nam a2200241 i 4500 001 000000229312 003 CaOOAMICUS 005 20140507000000.0 008 140507s1958 xx u000 u fre u 013 $a208214 040 $aSeMil$bita 100 1 $aBoismard, Marie-Émile,$c.$0(OLS)http://semarc/name/879 245 12$aL'Évangile de Jean :$bétudes et problèmes /$cpar M. É. Boismard ... [et al.]. 260 $a[S.l.] :$bDesclée de Brouwer & Cie,$ccopyr. 1958. 300 $a258 p. ;$c22 cm. 490 0 $aRecherches bibliques ;$v3. 650 4$aBibbia. Nuovo Testamento. Vangelo secondo Giovanni - Commentari, studi, critica, interpretazioni.$0(OLS)http://semarc/subject/119 700 1 $aJournées Bibliques de Louvain <8.>.$0(OLS)http://semarc/name/79194 830 0$aRecherches bibliques ;$v3.$0(OLS)http://semarc/title/20048 850 $aSeMil 852 $aSeMil$W1$xVenegono$y1$m2Z I 62$j179658$B179658$CSeMilBibl$Z2$F190775 $81 996 $6245$aL'Évangile de Jean :$bétudes et problèmes$9(OLS)http://semarc/title/328021 996 $6260$a[S.l.] :$bDesclée de Brouwer & Cie$9(OLS)http://semarc/publisher/36842 LEADER 01423nam a2200277 i 4500 001 000000352362 003 CaOOAMICUS 005 20260407142410.0 008 221125s2022 it u000 u ita u 020 $a978-88-922295-7-0 040 $aSeMil$bita 100 1 $aAnselmo, Vincenzo,$c.$0(OLS)http://semarc/name/94926 245 10$a«Tu mi scruti e mi conosci» :$bl'interiorità dell'uomo nelle pagine della Bibbia ebraica /$cVincenzo Anselmo. 264 1$aCinisello Balsamo :$bSan Paolo,$c2022. 300 $a211 p. ;$c22 cm. 490 1 $aStudi sull'Antico e sul Nuovo Testamento 650 4$aBibbia. Antico Testamento. Profeti - Commentari, studi, critica, interpretazioni.$0(OLS)http://semarc/subject/9887 650 4$aBibbia e psicologia.$0(OLS)http://semarc/subject/8680 650 4$aBibbia. Antico Testamento. Personaggi.$0(OLS)http://semarc/subject/47274 830 0$aStudi sull'Antico e sul Nuovo Testamento.$0(OLS)http://semarc/title/400525 850 $aSeMil 852 $aSeMil$W1$xVenegono$y1$m2XA L 20$j235569$B243545$CSeMilBibl$Z2$F243545 $81 996 $6020$a978-88-922295-7-0$9(OLS)http://semarc/number/297224 996 $6245$a«Tu mi scruti e mi conosci» :$bl'interiorità dell'uomo nelle pagine della Bibbia ebraica$9(OLS)http://semarc/title/442159 996 $6264$aCinisello Balsamo :$bSan Paolo$9(OLS)http://semarc/publisher/30129